| 000 | 00854nam0a2200265 4500 | ||
|---|---|---|---|
| 001 | RU\NLR\bibl\980819 | ||
| 005 | 20260405221207.0 | ||
| 010 |
_a5-902377-10-2 _910000 |
||
| 035 | _a(NLR Aleph) 000968718 | ||
| 090 |
_a385549 _c385549 |
||
| 100 | _a20060905d2004 |||y0rusy50 ca | ||
| 101 | 0 | _arus | |
| 102 | _aRU | ||
| 105 | _ac ||||||||| | ||
| 200 | 1 |
_aЯ _eповесть _fАлександр Потемкин |
|
| 210 |
_aМосква _cПоРог _d2004 |
||
| 215 |
_a379 с. _cпортр. _d17 |
||
| 686 | _aШ6(2=Р)75-440.4 | ||
| 700 | 1 |
_4070 _8rus _7ca _aПотемкин _bА. П. _cд-р экон. наук, писатель _f1949- _gАлександр Петрович _3RU\NLR\AUTH\7799541 _982467 |
|
| 801 | 0 |
_aRU _bNLR _c20060905 _grcr |
|
| 801 | 1 |
_aRU _bNLR _c20060905 |
|
| 942 | _cBOOK | ||
| 980 | _aNB | ||